000 00331nam a2200145Ia 4500
100 _aHassoun/Mohammed H
942 _cBK
654 _aComputer
245 _aFundamentals of Artificial Neural Networks
260 _bPrentice Hall
_aBomaby
_c1998
082 _a4.65
_bHAS
300 _a511
546 _aENGLISH
999 _c24048
_d24048